000 00501nam a2200181Ia 4500
001 7799
005 20260306160522.0
008 260306t1987||||xx |||||||||||||| ||spa||
041 _aESP
082 _a362.29
_bI59
100 _aInstituto de Sociología Aplicada de Madrid
_eAUT
245 0 _aEl :
_bestudio sociológico sobre rehabilitación de la drogodependencia en España
260 _c1987
300 _a285 páginas :
_c22 cm.
650 _aGEN
654 _aCPS
942 _cLIB
_dJUS
_fJUS
_2ddc
_n
999 _c7799
_d7799